000 00306nam a22001337a 4500
008 170817b xxu||||| |||| 00| 0 eng d
020 _a9780072967135
041 _aeng
080 _28TH
_a51
100 _a36
101 _aMAT
245 _aPRACTICAL BUSINESS MATH PROCEDURES
_cSLATER,J
942 _2udc
_cBK
999 _c23941
_d23941